Plantas Amazonicas de uso medicinal : (Registro nro. 3939)

000 -CABECERA
campo de control de longitud fija 01021nam a22002417a 4500
005 - FECHA Y HORA DE LA ÚLTIMA TRANSACCIÓN
campo de control 20250421144123.0
008 - DATOS DE LONGITUD FIJA--INFORMACIÓN GENERAL
campo de control de longitud fija 250421s1999 pe o fr|||| 00| 0 spa d
020 ## - NÚMERO INTERNACIONAL ESTÁNDAR DEL LIBRO
ISBN 979-8764-42-0
040 ## - FUENTE DE LA CATALOGACIÓN
Centro catalogador/agencia de origen CENDOC CAAAP
Lengua de catalogación spa
Centro/agencia transcriptor CAAAP
041 ## - CÓDIGO DE LENGUA
Código de lengua del texto/banda sonora o título independiente spa
050 ## - SIGNATURA TOPOGRÁFICA DE LA BIBLIOTECA DEL CONGRESO
Número de clasificación RS 164.P4
Número de documento/Ítem N35
100 1# - ENTRADA PRINCIPAL--NOMBRE DE PERSONA
9 (RLIN) 5424
Nombre personal Nalvarte A., Walter
Término indicativo de función/relación autor
500 ## - NOTA GENERAL
Especificación de materiales Nota general
Nota general Documento centrado en el análisis del aprovechamiento económico de las plantas medicinales amazónicas.
245 ## - MENCIÓN DE TÍTULO
Título Plantas Amazonicas de uso medicinal :
Subtitulo diagnostico de un sector economico con un potencial de realizacion /
Mención de responsabilidad, etc. Walter, Nalvarte A.
250 ## - MENCIÓN DE EDICIÓN
Mención de edición 1ra. ed.
260 ## - PUBLICACIÓN, DISTRIBUCIÓN, ETC.
Lugar de publicación, distribución, etc. Lima, Perú :
Nombre del editor, distribuidor, etc. Universidad Nacional Agraria la Molina,
-- CIFRO,
Fecha de publicación, distribución, etc. 1999
300 ## - DESCRIPCIÓN FÍSICA
Extensión 102 p. ;
Dimensiones 25 x 18 cm
650 10 - PUNTO DE ACCESO ADICIONAL DE MATERIA--TÉRMINO DE MATERIA
9 (RLIN) 378
Término de materia o nombre geográfico como elemento de entrada Plantas medicinales
Subdivisión general Uso económico
Subdivisión geográfica Perú
650 20 - PUNTO DE ACCESO ADICIONAL DE MATERIA--TÉRMINO DE MATERIA
9 (RLIN) 2911
Término de materia o nombre geográfico como elemento de entrada Medicina tradicional
Subdivisión de forma Productos naturales
Subdivisión general Industria y comercio
Subdivisión geográfica Perú
700 1# - PUNTO DE ACCESO ADICIONAL--NOMBRE DE PERSONA
9 (RLIN) 1747
Nombre de persona Jong, Will de
Término indicativo de función/relación autor
700 1# - PUNTO DE ACCESO ADICIONAL--NOMBRE DE PERSONA
9 (RLIN) 5425
Nombre de persona Domínguez, Gilberto
Término indicativo de función/relación autor
942 ## - ELEMENTOS PERSONALIZADOS KOHA
Fuente del sistema de clasificación o colocación
Fecha de catalogación 21/04/2025
Tipo de ítem Koha Libros
Existencias
Fuente del sistema de clasificación o colocación Localización permanente Ubicación/localización actual Fecha de adquisición Total de préstamos Signatura LC Fecha visto por última vez Tipo de ítem Koha
  CENTRO DE DOCUMENTACIÓN (CENDOC) CENTRO DE DOCUMENTACIÓN (CENDOC) 04/21/2025   RS164.P4 | N35 04/21/2025 Libros
Centro de Documentación CAAAP | AV. Manuel González Prada 626, Magdalena del Mar | (51-1) 4615223 Anexo 205 y 209 | cendoc@caaap.org.pe